UITU Library & LRC     

Distributed Process Control and Monitoring System (Record no. 32867)

MARC details
000 -LEADER
fixed length control field 00491nam a2200133Ia 4500
008 - FIXED-LENGTH DATA ELEMENTS--GENERAL INFORMATION
fixed length control field 260210s9999 xx 000 0 und d
024 ## - OTHER STANDARD IDENTIFIER
Standard number or code 00A-70-CE, 00A-09-EE, 00A-07-EE & 00A-06-EE
082 ## - DEWEY DECIMAL CLASSIFICATION NUMBER
Classification number 629.89072 AHM
100 ## - MAIN ENTRY--PERSONAL NAME
Personal name Ahmed Hassan Khan, Fahad Ahmed Siddiquu, Syed Aun Abbas & Syed Waqar Hussain
245 #0 - TITLE STATEMENT
Title Distributed Process Control and Monitoring System
260 ## - PUBLICATION, DISTRIBUTION, ETC.
Place of publication, distribution, etc. Karachi:
Name of publisher, distributor, etc. UITU,
Date of publication, distribution, etc. 2000
600 ## - SUBJECT ADDED ENTRY--PERSONAL NAME
Personal name Electronic Engineering
650 ## - SUBJECT ADDED ENTRY--TOPICAL TERM
Topical term or geographic name entry element Bachelor of Engineering (BE)

No items available.

Powered by Koha